Cabeza /

Guardado en:
Autor Corporativo: Fundación Favaloro.
Formato: Deslizar
Materias:
Etiquetas: Agregar Etiqueta
Sin Etiquetas, Sea el primero en etiquetar este registro!
LEADER 00768ngm a22002295g 4500
001 CEM.cems022047
008 130507b1994##################0###0#####d
005 20241001142900.0
245 1 0 |a Cabeza /  |c Fundación Favaloro 
300 |a 09'. 
500 |a En soporte VHS, consultar en ventanilla. 
505 0 |a Descripción ósea de la cabeza. Descripción muscular. Irrigación sanguínea. 
538 |a Soporte: VHS - Norma: Pal N - Color - Grabación DRD 1994 - Hitachi=3580 
110 2 |a Fundación Favaloro. 
082 6 1 |. 8/FAV-1 
653 |a BIOLOGIA 
653 |a EDUCACION PARA LA SALUD 
653 |a CABEZA 
653 |a SALUD 
653 |a FAVALORO 
653 |a NIVEL SECUNDARIO. 
859 |a CEMS  |b BIB. CEMS - Depto. Recursos Didacticos  |h 611.8  |i FAV-1  |k DRD  |p 690.12  |t Ej.1